| 000 | 00000nam##2200000za#4500 |
| 001 | 9.567603 |
| 003 | CaOODSP |
| 005 | 20210624180844 |
| 007 | cr ||||||||||| |
| 008 | 150406|2000||||xxc|||||o f|0| 0 eng|d |
| 040 | |aCaOODSP|beng |
| 043 | |an-cn--- |
| 086 | 1 |aA22-192/1999E-PDF |
| 110 | 1 |aCanada.|bAgriculture and Agri-Food Canada. |bPolicy Branch. |
| 245 | 10|aGreen box criteria : |h[electronic resource]|ba theoretical assessment / |c[Issued by the] Economic and Policy Analysis Directorate. |
| 260 | |aOttawa - Ontario : |bAgriculture and Agri-Food Canada. |c2000. |
| 300 | |a33p. |
| 490 | 1 |aTrade research series |
| 500 | |aThe catalogue number (A22-192/1999E) and ISBN (0-662-27893-3) for the print edition have been incorrectly copied in this electronic publication. |
| 504 | |aBibliography. |
| 590 | |a10-07-Supp|b2010-09-08 |
| 775 | 08|tCritères de la catégorie verte : |w(CaOODSP)9.598942 |
| 830 | #0|aTrade research series.|w(CaOODSP)9.504410 |
| 856 | 40|ahttp://publications.gc.ca|qPDF|s270 KB|uhttps://publications.gc.ca/collections/Collection/A22-192-1999E.pdf |